00395cam a22001097a 4500008004000000082003200040100002500072245007500097260004800172300001100220440005400231180718b1972 xxu||||| |||| 00| 0 eng d aA81x54 In2/71/16/Pt 10 A/10 aCensus of India 1971 aOrissa district census handbook, Kalahandi: town and village directory aDelhibThe Controller of Publicationsc1972 a334+p. aCensus of India 1971. Series-16, Orissa. Part X-A